[Event "IRI-ch U12"]
[Site "Chess.com INT"]
[Date "2021.01.16"]
[Round "9"]
[White "Dehghani, Parsa"]
[Black "Soufi, Amir Hossein"]
[Result "1-0"]
[WhiteElo "1696"]
[BlackElo "1191"]
[PlyCount "71"]
[EventDate "2021.01.16"]
[EventType "swiss"]
[EventRounds "11"]
[EventCountry "IRI"]
[SourceTitle "EXT 2022"]
[Source "ChessBase"]
[SourceDate "2021.10.06"]
[SourceVersion "1"]
[SourceVersionDate "2021.10.06"]
[SourceQuality "1"]

1. d4 d5 2. c4 e6 3. Nf3 Nf6 4. g3 Be7 5. Bg2 0-0 6. 0-0 c6 7. b3 Nbd7 8. Bb2 Qc7 9. Nbd2 a5 10. Ne5 Nxe5 11. dxe5 Nd7 12. f4 Bc5+ 13. Kh1 Qb6 14. e4 Bd4 15. Bxd4 Qxd4 16. exd5 cxd5 17. cxd5 exd5 18. Nf3 Qc5 19. Rc1 Qb5 20. Nd4 Qa6 21. Bxd5 Nb6 22. Be4 Bh3 23. Qh5 f5 24. exf6 Rxf6 25. Qxh7+ Kf8 26. Qh8+ Kf7 27. Qxh3 Rh6 28. Rc7+ Kg8 29. Qg2 Rd8 30. Nf5 Rh5 31. Rxg7+ Kh8 32. Rg5 Rxg5 33. fxg5 Kg8 34. Ne7+ Kh8 35. Qh3+ Kg7 36. Qh7# 1-0

[Event "IRI-ch U12"]
[Site "Chess.com INT"]
[Date "2021.01.16"]
[Round "8"]
[White "Soufi, Amir Hossein"]
[Black "Bolandakhtar, Ata"]
[Result "1-0"]
[WhiteElo "1191"]
[BlackElo "1440"]
[PlyCount "79"]
[EventDate "2021.01.16"]
[EventType "swiss"]
[EventRounds "11"]
[EventCountry "IRI"]
[SourceTitle "EXT 2022"]
[Source "ChessBase"]
[SourceDate "2021.10.06"]
[SourceVersion "1"]
[SourceVersionDate "2021.10.06"]
[SourceQuality "1"]

1. c4 Nf6 2. Nc3 g6 3. g3 Bg7 4. Bg2 0-0 5. Nf3 d6 6. 0-0 Nc6 7. d3 e5 8. Bd2 Re8 9. Rb1 Bf5 10. Nh4 Bd7 11. b4 Rb8 12. Nf3 e4 13. Ne1 exd3 14. exd3 Nd4 15. Nc2 Ng4 16. h3 Nxc2 17. Qxc2 Ne5 18. b5 Bf5 19. Ne4 h6 20. g4 Be6 21. d4 Nxc4 22. Qd3 Nb6 23. Rfc1 Bc4 24. Rxc4 Nxc4 25. Qxc4 d5 26. Qc1 dxe4 27. Bxh6 Bxh6 28. Qxh6 Qxd4 29. Rc1 Rbc8 30. h4 Qg7 31. Qf4 Qe5 32. Qh6 Re7 33. h5 Qg7 34. Qf4 Rce8 35. Rc5 Re5 36. Rxc7 Rxb5 37. hxg6 Qxg6 38. Rc3 Rb1+ 39. Bf1 Qa6 40. Qg5+ 1-0

[Event "IRI-ch U12"]
[Site "Chess.com INT"]
[Date "2021.01.16"]
[Round "6"]
[White "Soufi, Amir Hossein"]
[Black "Keshani, Kian"]
[Result "1-0"]
[WhiteElo "1191"]
[BlackElo "1571"]
[PlyCount "101"]
[EventDate "2021.01.16"]
[EventType "swiss"]
[EventRounds "11"]
[EventCountry "IRI"]
[SourceTitle "EXT 2022"]
[Source "ChessBase"]
[SourceDate "2021.10.06"]
[SourceVersion "1"]
[SourceVersionDate "2021.10.06"]
[SourceQuality "1"]

1. c4 Nf6 2. Nc3 g6 3. g3 Bg7 4. Bg2 d6 5. d3 0-0 6. Nf3 e5 7. 0-0 Nc6 8. Bd2 h6 9. Rb1 Ne8 10. b4 f5 11. Qc1 Kh7 12. b5 Ne7 13. Ne1 c6 14. bxc6 bxc6 15. Qa3 d5 16. cxd5 cxd5 17. Nb5 a6 18. Nc3 Be6 19. Na4 Nc6 20. Nc5 Bg8 21. Rb7 Nd6 22. Rd7 Qf6 23. Na4 Nb5 24. Qc5 Rfd8 25. Nb6 Rxd7 26. Nxd7 Qe6 27. Nb6 Rd8 28. Nxd5 Rxd5 29. Bxd5 Qxd5 30. Qxd5 Bxd5 31. Nc2 Ncd4 32. Nxd4 Nxd4 33. Re1 Bxa2 34. Kf1 Nb3 35. Bc3 a5 36. e4 fxe4 37. Rxe4 Nd4 38. Bxa5 Bb1 39. Re3 Nf5 40. Rf3 g5 41. Ke1 Nd4 42. Rf7 Bxd3 43. Kd2 Bg6 44. Ra7 Nf3+ 45. Ke3 Nxh2 46. f3 g4 47. f4 e4 48. Bc3 h5 49. Rxg7+ Kh6 50. Rg8 Kh7 51. Rh8# 1-0